000 00381nam a22001217a 4500
008 230626b xxu||||| |||| 00| 0 eng d
020 _a9966957154
082 _a337.
_bOCH 2003
245 _aNegotiating Economic Patnership Agreements
_bChallenges for East African Countries
260 _aKenya
_bFriedrich Ebert Stiftung and Econews Africa
_c2003
300 _aV,46p
942 _2ddc
_cBK
999 _c2784
_d2784